| 000 | 00360 a2200157 4500 | ||
|---|---|---|---|
| 001 | 50156 | ||
| 020 | _a8526251406 | ||
| 040 | _cAnchieta - Bela Vista | ||
| 100 | _aCarrasco, Walcyr | ||
| 240 | 1 | 0 |
_aVinte mil léguas submarinas _lpor |
| 245 | 1 | 0 | _aVinte mil léguas submarinas |
| 300 | _a48 | ||
| 362 | 0 | _a2003 | |
| 650 | 4 | _aLiteratura juvenil | |
| 942 | _cBK | ||
| 999 |
_c50156 _d50156 |
||